| 000 | 01158nam a22003497a 4500 | ||
|---|---|---|---|
| 003 | CHAP | ||
| 005 | 20220817042054.0 | ||
| 008 | 971013s1982 br r 00010 por d | ||
| 010 | _a33719 | ||
| 011 | _a34691 | ||
| 035 | _a38807 | ||
| 040 | _cCHAP | ||
| 082 | 0 | 4 |
_a311.2 _bE5 |
| 110 | 1 | _aEmpresa Brasileira de Pesquisa Agropecuaria | |
| 245 | 1 | _aBibliografía sobre tamanho e forma de parcelas experimentais | |
| 260 |
_aBrasilia, D.F. : _b(s.e.), _c1982 |
||
| 300 | _a201 p. | ||
| 590 |
_aBATCH-UPD _b10 _c20130110 _lUCH01 _h0319 |
||
| 590 |
_aBATCH-UPD _b10 _c20130110 _lUCH01 _h1603 |
||
| 590 |
_aBATCH-UPD _b10 _c20130409 _lUCH01 _h2351 |
||
| 590 |
_aBATCH-UPD _b10 _c20130410 _lUCH01 _h1544 |
||
| 590 |
_aBATCH-UPD _b10 _c20130914 _lUCH01 _h0614 |
||
| 590 |
_aCONVERSION _b10 _c20130109 _lUCH01 _h1319 |
||
| 650 | 1 | 4 |
_aAgricultura _xMetodos estadisticos. _91745 |
| 650 | 1 | 4 |
_aDiseños experimentales. _932735 |
| 650 | 1 | 4 |
_aParcelas experimentales. _985485 |
| 700 | 0 |
_aBiava, Marina de Lourdes. _912188 |
|
| 700 | 0 |
_aOliveira, Edilson Batista de. _983077 |
|
| 901 | _aBK | ||
| 942 | _cLIBRO | ||
| 949 |
_a311.2 E5 _bBC _cBPA _d-88668 _eBPA _h62302 _i38807 _mD _si |
||
| 999 |
_c33719 _d33719 |
||